[Event "6. OPEN International Ch of Vojvodina 20"]
[Site "Novi Sad"]
[Date "2015.07.26"]
[Round "3.28"]
[White "Marjanusic, Vladimir"]
[Black "Mazet, Julien"]
[Result "1/2-1/2"]
[WhiteElo "2250"]
[BlackElo "2139"]
[PlyCount "45"]
[EventDate "2015.07.25"]

1. e4 d6 2. d4 Nf6 3. Nc3 e5 4. Nf3 Nbd7 5. g4 g6 6. g5 Nh5 7. Be3 Bg7 8. Qd2
O-O 9. O-O-O c6 10. dxe5 dxe5 11. Be2 Qc7 12. Nh4 Nf4 13. Nf5 gxf5 14. exf5 Nb6
15. Bxf4 Bxf5 16. Bg3 Nd5 17. Bd3 Bxd3 18. Qxd3 Nxc3 19. Qxc3 Qe7 20. Qe3 Rad8
21. h4 a5 22. Rhe1 Qe6 23. Qb3 1/2-1/2

[Event "6. OPEN International Ch of Vojvodina 20"]
[Site "Novi Sad"]
[Date "2015.07.26"]
[Round "3.29"]
[White "Velikic, Adela"]
[Black "Lundin, Jan"]
[Result "1-0"]
[WhiteElo "2128"]
[BlackElo "2245"]
[PlyCount "45"]
[EventDate "2015.07.25"]

1. e4 c5 2. Nf3 e6 3. d4 cxd4 4. Nxd4 Nf6 5. Nc3 d6 6. Be3 Be7 7. f3 O-O 8. Qd2
Nc6 9. O-O-O d5 10. Be2 Bb4 11. a3 Ba5 12. Nb3 dxe4 13. Nxa5 Qxa5 14. Nxe4 Nxe4
15. Qxa5 Nxa5 16. fxe4 b6 17. b4 Nb7 18. e5 Rd8 19. Bf3 Rxd1+ 20. Rxd1 b5 21.
Rd3 f6 22. Rc3 fxe5 23. Rc7 1-0

[Event "6. OPEN International Ch of Vojvodina 20"]
[Site "Novi Sad"]
[Date "2015.07.26"]
[Round "3.30"]
[White "Tuturin, Sergey"]
[Black "Stojkovska, Monika"]
[Result "1/2-1/2"]
[WhiteElo "2242"]
[BlackElo "2061"]
[PlyCount "75"]
[EventDate "2015.07.25"]

1. g4 d5 2. Bg2 e5 3. d4 e4 4. c4 c6 5. Qb3 dxc4 6. Qxc4 Qd5 7. Qc2 Qxd4 8. Be3
Qe5 9. Nc3 Bxg4 10. Nxe4 Bb4+ 11. Kf1 Nf6 12. Nxf6+ gxf6 13. Qc4 Qxb2 14. Bd4
Qa3 15. Bxf6 Rg8 16. Rb1 a5 17. Bb2 Qa4 18. Bh3 b5 19. Qe4+ Be7 20. Qxa4 bxa4
21. Bg2 Ra6 22. Ba3 Nd7 23. Bxe7 Kxe7 24. Nf3 c5 25. Nd2 Be6 26. a3 Rb6 27.
Rxb6 Nxb6 28. Be4 f5 29. Bc2 Kf6 30. e4 Nc4 31. Ke2 Nxa3 32. Bxa4 Bc4+ 33. Nxc4
Nxc4 34. Bb3 Re8 35. Bxc4 Rxe4+ 36. Kd3 Rd4+ 37. Kc3 Rf4 38. Ra1 1/2-1/2

[Event "6. OPEN International Ch of Vojvodina 20"]
[Site "Novi Sad"]
[Date "2015.07.26"]
[Round "3.31"]
[White "Bernard, Jacques"]
[Black "Suknjaja, Danilo"]
[Result "1-0"]
[WhiteElo "2227"]
[BlackElo "1414"]
[PlyCount "71"]
[EventDate "2015.07.25"]

1. e4 e5 2. Nf3 Nc6 3. Bb5 Nge7 4. O-O b6 5. c3 Bb7 6. d4 Ng6 7. Be3 Be7 8.
Nbd2 O-O 9. dxe5 Ncxe5 10. Nxe5 Nxe5 11. f4 Ng6 12. Qh5 d5 13. Rad1 c6 14. Be2
Bc5 15. Bxc5 bxc5 16. f5 Ne5 17. f6 Ng6 18. fxg7 Kxg7 19. Nf3 Qe7 20. Bd3 dxe4
21. Ng5 h6 22. Nxe4 Bc8 23. Rde1 Qe5 24. Nf6 Qxh5 25. Nxh5+ Kg8 26. Rf6 Bg4 27.
Bxg6 Bxh5 28. Bxh5 Kg7 29. Ref1 Kg8 30. Rxf7 Rxf7 31. Rxf7 Rb8 32. b3 a5 33.
Ra7 a4 34. Rxa4 Rd8 35. Rc4 Rd5 36. Bf3 1-0

[Event "6. OPEN International Ch of Vojvodina 20"]
[Site "Novi Sad"]
[Date "2015.07.26"]
[Round "3.32"]
[White "Nestorovic, Dejan"]
[Black "Matovic, Mihajlo Z"]
[Result "1/2-1/2"]
[WhiteElo "2408"]
[BlackElo "2100"]
[PlyCount "98"]
[EventDate "2015.07.25"]

1. d4 Nf6 2. c4 g6 3. Nc3 Bg7 4. Nf3 O-O 5. Bg5 d6 6. e3 Nbd7 7. Be2 c5 8. d5
b5 9. cxb5 a6 10. a4 axb5 11. axb5 Bb7 12. e4 h6 13. Bf4 Nh5 14. Be3 Rxa1 15.
Qxa1 e6 16. dxe6 fxe6 17. Qa2 Re8 18. O-O Nhf6 19. Nd2 Kh7 20. Bc4 Qa8 21. Bxe6
Qxa2 22. Bxa2 Bxe4 23. Ndxe4 Nxe4 24. Rc1 Nb6 25. Kf1 h5 26. g3 Nxc3 27. bxc3
Ra8 28. Be6 Re8 29. Bb3 c4 30. Ba2 Bh6 31. Bxb6 Bxc1 32. Bc7 Bg5 33. Bxc4 Bd8
34. Bxd6 Ba5 35. Bf7 Rd8 36. Be5 Rf8 37. Bd5 Rf5 38. f4 Bxc3 39. Be4 Rxe5 40.
fxe5 Bxe5 41. Kg2 Kh6 42. h3 g5 43. Kf3 Kg7 44. Bc6 Kf6 45. Be8 h4 46. g4 Ke7
47. Ke4 Bf4 48. Bg6 Kd6 49. Kd4 Kc7 1/2-1/2

[Event "6. OPEN International Ch of Vojvodina 20"]
[Site "Novi Sad"]
[Date "2015.07.26"]
[Round "3.33"]
[White "Bergez, Luc"]
[Black "Vranes, Davorin"]
[Result "1-0"]
[WhiteElo "2341"]
[BlackElo "2027"]
[PlyCount "79"]
[EventDate "2015.07.25"]

1. e4 e5 2. Nf3 Nc6 3. Bc4 Nf6 4. d3 Be7 5. Nbd2 d6 6. c3 O-O 7. Bb3 h6 8. O-O
Nh7 9. Nc4 Ng5 10. Ne1 Ne6 11. g3 Nc5 12. Bc2 a5 13. d4 Nd7 14. Ne3 g6 15. Nd5
Kg7 16. f4 Nf6 17. Nxe7 Qxe7 18. d5 Nb8 19. f5 Ng8 20. Be3 Nd7 21. a3 Ndf6 22.
b3 b6 23. c4 Bd7 24. Kh1 g5 25. Nf3 Nh7 26. Bd3 Be8 27. Nd2 f6 28. b4 Bf7 29.
c5 axb4 30. axb4 bxc5 31. bxc5 dxc5 32. Qc2 Rfb8 33. Bxc5 Qd7 34. h3 Ne7 35.
Rfc1 Nc8 36. Bf2 Rxa1 37. Rxa1 Nb6 38. Ra7 Rc8 39. Bxb6 cxb6 40. Rxd7 1-0

[Event "6. OPEN International Ch of Vojvodina 20"]
[Site "Novi Sad"]
[Date "2015.07.26"]
[Round "3.34"]
[White "Nikolovski, Nikola"]
[Black "Stanimirovic, Bosko"]
[Result "1-0"]
[WhiteElo "2293"]
[BlackElo "2000"]
[PlyCount "35"]
[EventDate "2015.07.25"]

1. e4 c5 2. Nc3 Nc6 3. f4 g6 4. Nf3 Bg7 5. Bb5 Nd4 6. O-O Nxb5 7. Nxb5 Nf6 8.
d3 d6 9. Nc3 a6 10. Qe1 O-O 11. Qh4 b5 12. f5 Bb7 13. Bh6 c4 14. Ng5 Qb6+ 15.
Kh1 Nh5 16. Bxg7 Kxg7 17. fxg6 hxg6 18. g4 1-0

[Event "6. OPEN International Ch of Vojvodina 20"]
[Site "Novi Sad"]
[Date "2015.07.26"]
[Round "3.35"]
[White "Kovacevic, Sinisa"]
[Black "Nestorovic, Irena"]
[Result "1/2-1/2"]
[WhiteElo "2236"]
[BlackElo "2019"]
[PlyCount "105"]
[EventDate "2015.07.25"]

1. d4 Nf6 2. Nf3 e6 3. Bg5 Be7 4. c4 Ne4 5. Bxe7 Qxe7 6. Qc2 f5 7. Nc3 Nxc3 8.
Qxc3 d6 9. g3 b6 10. Bg2 Bb7 11. d5 e5 12. O-O O-O 13. b4 Nd7 14. Nd2 a5 15. a3
Qf6 16. e4 g6 17. Nb3 a4 18. Nd2 Qg7 19. Bh3 Qh6 20. Kg2 Nf6 21. exf5 Bc8 22.
Qe3 Qh5 23. f4 Bxf5 24. Bxf5 gxf5 25. Qf3 exf4 26. Qxf4 Rae8 27. Rae1 Ng4 28.
Nf3 Rxe1 29. Rxe1 Re8 30. Re6 Rxe6 31. dxe6 Qh6 32. Qxh6 Nxh6 33. Nd4 Kf8 34.
Nb5 c5 35. bxc5 dxc5 36. Nc3 Ng4 37. Nxa4 Ne3+ 38. Kf3 Nxc4 39. Kf4 Nxa3 40.
Nxb6 c4 41. Nd5 Nb5 42. Kxf5 c3 43. Nb4 Nd4+ 44. Kf6 c2 45. Nd3 Nb3 46. g4 c1=Q
47. Nxc1 Nxc1 48. h4 Nd3 49. h5 Nf2 50. e7+ Ke8 51. g5 Ne4+ 52. Kf5 Nxg5 53.
Kxg5 1/2-1/2

[Event "6. OPEN International Ch of Vojvodina 20"]
[Site "Novi Sad"]
[Date "2015.07.26"]
[Round "3.36"]
[White "Grguric, Dragan"]
[Black "Ilincic, Aleksa"]
[Result "1-0"]
[WhiteElo "1992"]
[BlackElo "2233"]
[PlyCount "121"]
[EventDate "2015.07.25"]

1. e4 c5 2. Nf3 a6 3. c3 e6 4. d4 d5 5. e5 Nc6 6. Be2 Bd7 7. O-O Rc8 8. Re1 Nh6
9. dxc5 Bxc5 10. Bxh6 gxh6 11. Nbd2 Qb6 12. Rf1 Qc7 13. Nb3 Nxe5 14. Nxc5 Nxf3+
15. Bxf3 Qxc5 16. Qd2 Qf8 17. Rfe1 Kd8 18. Qd4 Rc4 19. Qe5 Kc8 20. b3 Rc5 21.
b4 Rc4 22. a4 Rg8 23. Rac1 Qg7 24. Qe3 Kb8 25. b5 axb5 26. axb5 Bxb5 27. Ra1
Bc6 28. Qa7+ Kc7 29. Qa5+ Kd7 30. Re3 Qf8 31. Rd1 Qc5 32. Qa1 b5 33. Qb1 Rg7
34. Qb2 Ke7 35. g3 Rg8 36. Qb1 Rg6 37. Qd3 Kf8 38. Bh5 Rf6 39. Rf3 Rxf3 40.
Qxf3 Qe7 41. h4 d4 42. Qf4 dxc3 43. Qxh6+ Kg8 44. Be2 c2 45. Ra1 Ra4 46. Rxa4
bxa4 47. Bd3 f5 48. Bxc2 Qg7 49. Qc1 Qc3 50. Qd1 a3 51. Qd8+ Kf7 52. Qc7+ Kg6
53. h5+ Kh6 54. Qf4+ Kxh5 55. g4+ fxg4 56. Qf7+ Kg5 57. Qe7+ Qf6 58. Qxa3 Qf3
59. Qe7+ Kh5 60. Qxh7+ Kg5 61. Qg6+ 1-0

[Event "6. OPEN International Ch of Vojvodina 20"]
[Site "Novi Sad"]
[Date "2015.07.26"]
[Round "3.37"]
[White "Ujhazi, Ivan"]
[Black "Brinovec, David"]
[Result "0-1"]
[WhiteElo "2231"]
[BlackElo "1991"]
[PlyCount "88"]
[EventDate "2015.07.25"]

1. e4 e5 2. Nc3 Nf6 3. Bc4 Bc5 4. d3 h6 5. Nf3 d6 6. Na4 Bb6 7. Nxb6 axb6 8.
O-O O-O 9. c3 Re8 10. Re1 c5 11. Qb3 Qc7 12. Nd2 Nc6 13. Nf1 Na5 14. Qc2 Nxc4
15. dxc4 Qc6 16. a4 Be6 17. b3 Kh8 18. Ng3 Qd7 19. Bd2 Ng8 20. Rad1 Ne7 21. Qc1
Kh7 22. Be3 Rad8 23. f4 f6 24. Rd3 Qc6 25. Red1 Rd7 26. Qd2 Red8 27. Qf2 f5 28.
exf5 Nxf5 29. Nxf5 Bxf5 30. Rd5 Be4 31. f5 Bxd5 32. cxd5 Qc8 33. Qh4 Rf8 34.
Qe4 Rdf7 35. Rf1 Kg8 36. g4 Rf6 37. Rf2 g6 38. fxg6 Rxf2 39. Bxf2 Qd8 40. Be3
Qf6 41. Kg2 Qf1+ 42. Kg3 Qe1+ 43. Kg2 Qe2+ 44. Kg3 Rf4 0-1

[Event "6. OPEN International Ch of Vojvodina 20"]
[Site "Novi Sad"]
[Date "2015.07.26"]
[Round "3.38"]
[White "Elez, Nikola"]
[Black "Mladenovic, Aleksandar D"]
[Result "1/2-1/2"]
[WhiteElo "2222"]
[BlackElo "1989"]
[PlyCount "157"]
[EventDate "2015.07.25"]

1. e4 d6 2. Nc3 Nf6 3. f4 Nbd7 4. Nf3 e5 5. d4 Qe7 6. Bc4 h6 7. O-O g6 8. Bb3
c6 9. fxe5 dxe5 10. Nxe5 Nxe5 11. dxe5 Qxe5 12. Qf3 Bg7 13. Bf4 Qe7 14. h3 Nh5
15. Bh2 Be6 16. Rad1 Bxb3 17. axb3 Qe6 18. g4 Nf6 19. Rd6 Qe7 20. Rxf6 Bxf6 21.
Qxf6 Qxf6 22. Rxf6 Ke7 23. Rd6 f6 24. Kf2 Rad8 25. Rxd8 Rxd8 26. Bf4 Ke6 27.
Ke3 Rd7 28. Bg3 Rd8 29. Be1 f5 30. gxf5+ gxf5 31. Bf2 b6 32. h4 fxe4 33. Nxe4
Kf5 34. Kf3 h5 35. Be3 c5 36. Bf4 Rd1 37. Nd6+ Ke6 38. Nb5 Kf5 39. Bg5 Rb1 40.
Ke3 Rxb2 41. Kd3 Ra2 42. Nd6+ Ke6 43. Ne4 Kf5 44. Nd6+ Ke6 45. Ne8 Kf7 46. Nf6
Kg6 47. Nd5 Kf5 48. Ne3+ Ke5 49. Bh6 Kf6 50. Nd5+ Kg6 51. Bd2 Kf5 52. Bc3 b5
53. Nc7 c4+ 54. bxc4 bxc4+ 55. Kd2 Ra3 56. Nb5 Ra6 57. Bd4 Kg4 58. Bf2 Ra5 59.
Nxa7 Kf3 60. Bb6 Ra6 61. Bd4 Kg4 62. Bf2 Kf3 63. Bd4 Kg4 64. Bf2 Kf3 65. Bd4
Kg4 66. Kc3 Kxh4 67. Kxc4 Ra4+ 68. Kd3 Ra3+ 69. Ke4 Kg3 70. c4 h4 71. Nb5 Ra8
72. Be5+ Kg2 73. Nc7 Ra4 74. Kd5 h3 75. c5 Ra5 76. Ne6 h2 77. Bxh2 Kxh2 78. Kd6
Rxc5 79. Nxc5 1/2-1/2

[Event "6. OPEN International Ch of Vojvodina 20"]
[Site "Novi Sad"]
[Date "2015.07.26"]
[Round "3.39"]
[White "Petrovic, Vladan"]
[Black "Dimitrijevic, Nenad"]
[Result "0-1"]
[WhiteElo "1980"]
[BlackElo "2216"]
[PlyCount "94"]
[EventDate "2015.07.25"]

1. e4 c5 2. c3 e6 3. d4 d5 4. exd5 Qxd5 5. Nf3 Nf6 6. Be2 Be7 7. O-O O-O 8. Na3
Qd8 9. Nc2 Nc6 10. Bd3 b6 11. Qe2 cxd4 12. Ncxd4 Nxd4 13. Nxd4 Bb7 14. Bf4 Qd5
15. Nf3 Rfd8 16. Rad1 Qh5 17. Bg3 Bd5 18. b3 Rac8 19. c4 Bb7 20. Ne5 Qxe2 21.
Bxe2 Ne4 22. Bf3 f6 23. Ng4 Kf7 24. Rfe1 Bb4 25. Rxd8 Rxd8 26. Rd1 Bc3 27. Rc1
Bb2 28. Re1 Bc3 29. Rd1 Rxd1+ 30. Bxd1 Nxg3 31. hxg3 Be4 32. Ne3 f5 33. Bc2 Bc6
34. Kf1 Bd4 35. Bd3 Bxe3 36. fxe3 Kf6 37. Kf2 g5 38. g4 h6 39. g3 Ke5 40. a3
Be4 41. Bxe4 Kxe4 42. b4 h5 43. Ke2 h4 44. gxh4 gxh4 45. Kf2 h3 46. Kg1 Kxe3
47. c5 f4 0-1